Das Herz : Gedichte /

Bibliographic Details
Main Author: Bauer, Wolfgang, 1941-2005
Format: Book
Language:German
Published: Salzburg : Residenz, [1981]

MARC

Tag First Indicator Second Indicator Subfields
LEADER 00000cam a2200000 a 4500
001 in00000528021
005 20151013161836.0
008 820111s1981 au 00010 ger d
020 |a 3701702942 
035 |a (OCoLC)08054426 
035 |9 ACG6521AM 
040 |a NAM  |c NAM  |d TXA  |d UtOrBLW 
049 |a TXAM  |c [1659606] 
090 |a PT2662.A8957  |b H47 1981 
100 1 |a Bauer, Wolfgang,  |d 1941-2005. 
245 1 4 |a Das Herz :  |b Gedichte /  |c Wolfgang Bauer. 
264 1 |a Salzburg :  |b Residenz,  |c [1981] 
264 4 |c ©1981 
300 |a 80 pages ;  |c 21 cm. 
336 |a text  |b txt  |2 rdacontent 
337 |a unmediated  |b n  |2 rdamedia 
338 |a volume  |b nc  |2 rdacarrier 
999 |a MARS 
999 f f |s 1c3502d7-a1c5-323a-8d2c-d35aadbeddfe  |i 8931786d-9e99-31d8-9245-d9ee64c7e32b  |t 0 
952 f f |p ric  |a Texas A&M University  |b Rellis Campus  |c Joint Library Facility  |d Remote Storage  |t 0  |e PT2662.A8957 H47 1981  |h Library of Congress classification  |i unmediated -- volume  |m A14808177248 
998 f f |a PT2662.A8957 H47 1981  |t 0  |l Remote Storage